Truth in Lending -- 1963-64. hearings before the United States Senate Committee on Banking and Currency, Subcommittee on Production and Stabilization, Eighty-Eighth Congress, first session and Eighty-Eighth Congress, second session, on Aug. 24, Nov. 22, 1963, Jan. 11, 1964. Part 2 :

Aug. 24 hearing was held in Louisville, Ky.; and Nov. 22 and Jan. 11 hearings were held in Boston, Mass.

Bibliographic Details
Corporate Authors: United States. Congress. Senate. Committee on Banking and Currency. Subcommittee on Production and Stabilization, ProQuest (Firm)
Format: Government Document eBook
Language:English
Published: Washington : U.S. G.P.O., 1964.
Series:U.S. Congressional Hearings.
Subjects:
Online Access:Connect to the full text of this electronic book

MARC

Tag First Indicator Second Indicator Subfields
LEADER 00000cam a22000001a 4500
001 in00003189372
006 m d f
007 cr bn mmmapmmp
008 090623s1964 dcu o f000 0 eng d
005 20260511185159.1
035 |a cis2007430179 
040 |a UMI  |c UMI  |d UtOrBLW 
043 |a n-us--- 
086 0 |a Y 4.B 22/3:L 54/2/963-64/pt.2 
099 |a HRG-1963-BCS-0021 
110 1 |a United States.  |b Congress.  |b Senate.  |b Committee on Banking and Currency.  |b Subcommittee on Production and Stabilization. 
245 1 0 |a Truth in Lending -- 1963-64.  |n Part 2 :  |b hearings before the United States Senate Committee on Banking and Currency, Subcommittee on Production and Stabilization, Eighty-Eighth Congress, first session and Eighty-Eighth Congress, second session, on Aug. 24, Nov. 22, 1963, Jan. 11, 1964. 
264 1 |a Washington :  |b U.S. G.P.O.,  |c 1964. 
300 |a 1 online resource. 
336 |a text  |b txt  |2 rdacontent 
337 |a computer  |b c  |2 rdamedia 
338 |a online resource  |b cr  |2 rdacarrier 
500 |a Record is based on bibliographic data in ProQuest Congressional Hearings Digital Collection. Reuse except for individual research requires license from ProQuest, LLC. 
520 |a Aug. 24 hearing was held in Louisville, Ky.; and Nov. 22 and Jan. 11 hearings were held in Boston, Mass. 
520 |a Considers (88) S. 750. 
538 |a System requirements: PDF reader software. 
500 |a Electronic resource. 
650 0 |a Finance charges  |x Law and legislation  |z United States. 
650 0 |a Consumer credit  |x Law and legislation  |z United States. 
655 7 |a Electronic books.  |2 local 
710 2 |a ProQuest (Firm) 
776 0 8 |i Print version:  |a United States. Congress. Senate. Committee on Banking and Currency. Subcommittee on Production and Stabilization.  |t Truth in Lending -- 1963-64 
776 0 8 |i Microfiche version:  |a United States. Congress. Senate. Committee on Banking and Currency. Subcommittee on Production and Stabilization.  |t Truth in Lending -- 1963-64.  |d [Bethesda, Md.] : ProQuest,[2004]  |o CIS Hrgs MF Gp 3--(88) S1618-0-B  |w (ProQuest)cis10704222 
830 0 |a U.S. Congressional Hearings. 
856 4 0 |u http://proxy.library.tamu.edu/login?url=https://congressional.proquest.com/congcomp/getdoc?HEARING-ID=HRG-1963-BCS-0021  |z Connect to the full text of this electronic book  |t 0 
998 |a cis10704222 
999 |a MARS 
999 f f |s e17704aa-bc87-3441-8bb0-fd5b304f815c  |i 70325ab3-5d49-3809-b747-11db4a918b4c  |t 0 
952 f f |a Texas A&M University  |b College Station  |c Electronic Resources  |s www_evans  |d Available Online  |t 0  |e HRG-1963-BCS-0021  |h Other scheme 
998 f f |a HRG-1963-BCS-0021  |t 0  |l Available Online